Movies Quiz

Random Movies or Quote Quiz

Cinefix's 100 Most Iconic Movie Lines of All Time Quiz Stats

 Plays Quiz not verified by Sporcle

Score 0/100 Timer 15:00
0 Plays Today
Iconic Line Film % Correct
Rosebud...Citizen Kane
86.9%
You're going to need a bigger boat.Jaws
86.5%
I'm gonna make him an offer he can't refuse.The Godfather
85%
My momma always said life was like a box of chocolates. You never know what you're gonna get.Forrest Gump
84.7%
Gooooooooooooood morning, Vietnam!Good Morning Vietnam
84.1%
I'll be back.The Terminator
84.1%
Heeeere's Johnny!!!The Shining
83%
The first rule of F---- C--- is...we do not talk about F---- C---.Fight Club
82.4%
I see dead people.The Sixth Sense
82.1%
I'm the king of the world!Titanic
81.5%
To infinity...and BEYOND!Toy Story
80.8%
I love the smell of napalm in the morning.Apocalypse Now
80.6%
Here's looking at you, kid.Casablanca
80.2%
I ate his liver with some fava beans and a nice Chianti.The Silence of the Lambs
80%
[Title character] phone home.E.T. The Extra-Terrestrial
80%
You've got to ask yourself one question. 'Do I feel lucky?' Well, do ya punk?Dirty Harry
79.5%
There's no place like home, there's no place like home.The Wizard of Oz
79.5%
Houston, we have a problem.Apollo 13
78.4%
Say 'hello' to my little friend!Scarface
78.2%
Are you talkin' to me?Taxi Driver
77.8%
Luke, I am your father.Star Wars: The Empire Strikes Back
77.1%
Snakes. Why'd it have to be snakes...Raiders of the Lost Ark
76.9%
Hello. My name is Inigo Montoya. You killed my father. Prepare to die.The Princess Bride
76.9%
It's alive! It's alive! IT'S ALIIIIVE!Frankenstein
76.9%
And tell our enemies...that they may take our lives, but they never take...our FREEDOM!Braveheart
76.5%
Yippie-Ki-Yay, motherf*cker!Die Hard
76.5%
Mrs. Robinson, you're trying to seduce me!The Graduate
76.3%
Take your stinking paws off me, you damned dirty ape!Planet of the Apes
76.3%
Frankly my dear I don't give a damn.Gone With the Wind
76.3%
Roads? Where we're going, we don't need roads.Back to the Future Part II
76%
THIS! IS! SPARTA!300
76%
Nobody puts Baby in the corner.Dirty Dancing
75.4%
Why so serious?The Dark Knight
75.4%
YO, ADRIAN! I DID IT!Rocky
74.7%
Iconic Line Film % Correct
I am serious. And don't call me Shirley.Airplane!
74.7%
A boy's best friend is his mother.Psycho
74.5%
Wax on, wax off. Wax on, wax off.The Karate Kid
74.1%
Elementary, my dear Watson.The Return of Sherlock Holmes
73.9%
Hasta la vista, baby.Terminator 2
73.4%
The power of Christ compels you! The power of Christ compels you!The Exorcist
72.5%
I feel the need...the need, for speed!Top Gun
72.3%
I'll have what she's having.When Harry Met Sally
72.1%
As far back as I can remember I always wanted to be a gangster.Goodfellas
72.1%
It wasn't the airplanes. It was beauty killed the beast.King Kong
71.9%
That'll do, pig. That'll do.Babe
71.2%
The greatest trick the Devil ever pulled was convincing the world he didn't exist.The Usual Suspects
71%
I AM SP------S! (Title Character)Spartacus
71%
Gentlemen, you can't fight in here! This is the War Room!Dr. Strangelove
69.9%
You can't handle the truth!A Few Good Men
69.9%
Bond. James Bond.Dr. No
69.5%
I'm not bad. I'm just drawn that way.Who Framed Roger Rabbit
68.4%
Show me the money!Jerry Maguire
68.2%
Oh, what's in the box?!?Seven
67.3%
If you build it...he will come.Field of Dreams
66.4%
Are you not entertained!?!Gladiator
65.8%
G-----s never say die!Goonies
65.4%
Greed, for lack of a better word, is good.Wall Street
64.7%
Forget it, Jake. It's C-------n.Chinatown
64.5%
There's no crying in baseball!!!A League of Their Own
63.8%
YOU SHALL NOT PASS!The Lord of the Rings: Fellowship of the Ring
63%
It's just a flesh wound!Monty Python and the Holy Grail
62.1%
KHAAAAAN!!!Star Trek II: The Wrath of Khan
61.7%
They're here!Poltergeist
60.8%
I coulda been somebody! I coulda been a contender!On the Waterfront
60.1%
I'm walking here!Midnight Cowboy
59.9%
S-----t G---n is people!!!Soylent Green
59%
All right, Mr. DeMille, I'm ready for my close-up.Sunset Boulevard
58.6%
Get busy living, or get busy dying.The Shawshank Redemption
58.2%
Iconic Line Film % Correct
How d'you like them apples?!?Good Will Hunting
57.7%
Keep your friends close, but your enemies closer.The Godfather Part II
57.3%
I drink your milkshake. I DRINK IT UP!There Will Be Blood
57.3%
Get away from her, you BITCH!Aliens
57.3%
All those moments will be lost in time, like tears...in...rain. Blade Runner
57.1%
Life moves pretty fast. If you don't stop and look around once in awhile, you could miss it.Ferris Bueller's Day Off
57.1%
Just what do you think you're doing, Dave?2001: A Space Odyssey
56.4%
But why male models?Zoolander
56.4%
I'm mad as hell, and I'm not gonna take this anymore!Network
56.2%
What we've got here is...failure to communicate.Cool Hand Luke
55.1%
These go to eleven.This is Spinal Tap
54%
I'm B----n. (Title Character)Batman
53.4%
Get to the choppa!Predator
53.4%
Love means never having to say you're sorry.Love Story
53.2%
I wish I knew how to quit you.Brokeback Mountain
52.5%
You're killing me, Smalls!The Sandlot
51.6%
Well, nobody's perfect.Some Like it Hot
50.8%
The snozzberries taste like snozzberries!Willy Wonka and the Chocolate Factory
50.3%
W------s, come out to play-i-ay!The Warriors
50.1%
I've always depended on the kindness of strangers.A Streetcar Named Desire
48.6%
Badges? We don't need no badges! I don't have to show you any stinking badges!The Treasure of the Sierra Madre
47.7%
You see, in this world there's two kinds of people, my friend. Those with loaded guns, and those who dig. You dig.The Good, the Bad, and the Ugly
46.2%
Go ahead. Make my day.Sudden Impact
44.7%
ATTICA! ATTICA! ATTICA!Dog Day Afternoon
44.2%
Fasten your seatbelts, it's going to be a bumpy night!All About Eve
43.4%
I know kung fu.The Matrix
41.4%
You make me wanna be a better man.As Good As It Gets
41.2%
Alright, alright, alriiight!Dazed and Confused
37%
Made it, Ma! Top of the world!White Heat
32%
You know how to whistle, don't you, Steve? You just put your lips together and...blow.To Have and Have Not
20.9%
Who's on first, What's on second, I Don't Know is on third...The Naughty Nineties
17%
Would you be shocked if I put on something more comfortable?Hell's Angels
3.9%

You're not logged in!

Compare scores with friends on all Sporcle quizzes.
OR
Log In

Sporcle TV

Today on Sporcle TV


Watch our educational content, quiz creation guides, and fun videos on Sporcle TV.

Show Comments

Extras

Top Quizzes Today


Score Distribution

Your Account Isn't Verified!

In order to create a playlist on Sporcle, you need to verify the email address you used during registration. Go to your Sporcle Settings to finish the process.

Report this User

Report this user for behavior that violates our Community Guidelines.

Details: